| 000 | 00380nam a22001457a 4500 | ||
|---|---|---|---|
| 008 | 170321b xxu||||| |||| 00| 0 eng d | ||
| 020 | _a9780390203441 | ||
| 050 |
_aHF5415.15 _b.P76 2011 |
||
| 245 |
_aProduct Management/ _cby Lehmann and Winer |
||
| 250 | _a4th ed. | ||
| 260 |
_aUSA _bMcGrawHill _c2011 |
||
| 300 |
_aiv.507p _c29cm |
||
| 500 | _aincludes index | ||
| 942 |
_2lcc _cBK |
||
| 999 |
_c49564 _d49564 |
||